Work Stress as a Worldwide Problem in Present Time

V súčasnosti sa kladie dôraz na ochranu pracovného prostredia a platia preto aj veľmi prísne normy EÚ. To je dôvod, prečo je dôležité kontrolovať účinnosť opatrení chrániť si zdravie. Organizácie, zaoberajúce sa pracovným stresom, uvádzajú následky, ktoré môžu spôsobiť dlhodobé nepriaznivé účinky na...

Ausführliche Beschreibung

Gespeichert in:
Bibliographische Detailangaben
1. Verfasser: Seňová, Andrea
Weitere Verfasser: Antošová, Mária, 1965-
Format: Buchkapitel
Sprache:Englisch
Schlagworte:
Tags: Tag hinzufügen
Keine Tags, Fügen Sie das erste Tag hinzu!

MARC

LEADER 00000nla$a2200000$$$4500
001 0296010
005 20240213122121.9
041 0 |a eng 
044 |a NL 
245 1 0 |a Work Stress as a Worldwide Problem in Present Time  |c Andrea Seňová, Mária Antošová 
520 |a V súčasnosti sa kladie dôraz na ochranu pracovného prostredia a platia preto aj veľmi prísne normy EÚ. To je dôvod, prečo je dôležité kontrolovať účinnosť opatrení chrániť si zdravie. Organizácie, zaoberajúce sa pracovným stresom, uvádzajú následky, ktoré môžu spôsobiť dlhodobé nepriaznivé účinky na ľudský organizmus. Stres sa netýka len vedúcich pracovníkov, ale je problémom na akejkoľvek úrovni podnikania a preto by sa mu mala venovať náležitá pozornosť s cieľom odstrániť ho. Cieľom tohto príspevku je vyvolať záujem spoločnosti o riešenie problematiky pracovného stresu, posilniť komunikáciu medzi zamestnancami a firmou a identifikovať problémové oblasti v pracovnom procese. 
610 2 0 |a stresy 
610 2 0 |a hygiena duševná 
610 2 0 |a zamestnanci 
610 2 0 |a ochrana zdravia 
100 1 |a Seňová, Andrea 
700 1 |a Antošová, Mária, 1965-